[Event "Titled Tue 3rd Jun Early"]
[Site "chess.com INT"]
[Date "2025.06.03"]
[Round "8"]
[White "Buscar, Michael"]
[Black "Berikkyzy Alanna"]
[Result "1-0"]
[BlackTitle "WFM"]
[WhiteElo "2016"]
[BlackElo "2104"]
[WhiteFideId "2603616"]
[BlackFideId "13780719"]
[EventDate "2025.06.03"]

1. d4 Nf6 2. c4 e6 3. Nc3 Bb4 4. e3 O-O 5. Bd3 d5 6. Ne2 c5 7. O-O b6 8. a3 Bxc3
9. Nxc3 Bb7 10. dxc5 bxc5 11. cxd5 exd5 12. Qc2 Nbd7 13. Rd1 Qe7 14. Ne2 Rac8
15. Bd2 Ne5 16. Bf5 Rc7 17. Bc3 h6 18. Rac1 g6 19. Bh3 Ne4 20. Nf4 Nxc3 21. Qxc3
Rd8 22. Nd3 Nxd3 23. Rxd3 Kh7 24. Rcd1 Bc6 25. Qa5 Qd6 26. g3 Re7 27. Bg2 Re5
28. Qxa7 c4 29. Qxf7+ Kh8 30. Rd4 Re7 31. Qf4 Qxf4 32. Rxf4 Rb7 33. Rxc4 Bb5 34.
Rcd4 Bc6 35. b4 Rbd7 36. Bh3 Rd6 37. Bg2 Ba4 38. R1d2 Bb3 39. e4 Bc4 40. exd5
Bb3 41. h4 Ra8 42. Re4 Rxa3 43. Re8+ Kg7 44. Re7+ Kf6 45. Re6+ Rxe6 46. dxe6
Bxe6 47. Rb2 Ra1+ 48. Kh2 Ra6 49. b5 Rb6 50. Bc6 Ke7 51. Re2 Kf6 52. Kg2 Rb8 53.
Rd2 h5 54. Rd6 Ke7 55. Rd4 Kf6 56. Kf3 Bg4+ 57. Kg2 Be6 58. Rb4 Rb6 59. Bf3 Bf5
60. Be2 Bd7 61. Kf3 Be6 62. Ke3 Bd7 63. Kd4 Rb8 64. Kc5 Bf5 65. b6 Rc8+ 66. Kd6
Rd8+ 67. Kc7 Rd2 68. Bf3 Rc2+ 69. Kb8 Rc8+ 70. Ka7 Rc2 71. b7 Ra2+ 72. Kb6 1-0

[Event "Titled Tue 3rd Jun Early"]
[Site "chess.com INT"]
[Date "2025.06.03"]
[Round "8"]
[White "Tursunalieva, Nurelina"]
[Black "Mikhailova, Irina"]
[Result "0-1"]
[WhiteTitle "WCM"]
[BlackTitle "WGM"]
[WhiteElo "1810"]
[BlackElo "2143"]
[WhiteFideId "13817329"]
[BlackFideId "4109040"]
[EventDate "2025.06.03"]

1. e4 c5 2. d4 cxd4 3. c3 dxc3 4. Nxc3 Nc6 5. Nf3 d6 6. Bc4 e6 7. O-O a6 8. Qe2
Be7 9. Rd1 b5 10. Bb3 Ra7 11. Be3 Rd7 12. Nd4 Nxd4 13. Bxd4 Nf6 14. e5 dxe5 15.
Bxe5 O-O 16. Rxd7 Bxd7 17. Rd1 Qc8 18. Bxf6 Bxf6 19. Ne4 Be7 20. h3 Bc6 21. Nd6
Qc7 22. Ne4 Rd8 23. Rc1 Qb7 24. f3 h6 25. Nc5 Bxc5+ 26. Rxc5 Qb6 27. Qf2 Bd5 28.
Bxd5 exd5 29. Qd4 Qd6 30. b4 g6 31. a3 h5 32. Kf2 Kh7 33. Rc3 Rd7 34. Rd3 f6 35.
Qc5 Kg7 36. Rd4 Kf7 37. Qxd6 Rxd6 38. Ke3 Ke6 39. Kd3 Rc6 40. Kd2 Rc4 41. Rd3 d4
42. g4 h4 43. f4 Kd5 44. g5 f5 45. Kd1 Ke4 46. Kd2 Kxf4 47. Ke2 Ke4 48. Kd2 f4
49. Rb3 Rc3 50. Rxc3 dxc3+ 51. Kxc3 Ke3 52. a4 f3 53. axb5 axb5 54. Kb3 f2 55.
Kb2 f1=Q 56. Ka3 Qd3+ 57. Kb2 Qc4 58. Ka3 Qc3+ 59. Ka2 Qxb4 60. Ka1 Kd3 61. Ka2
Kc2 62. Ka1 Qb2# 0-1

[Event "Titled Tue 3rd Jun Early"]
[Site "chess.com INT"]
[Date "2025.06.03"]
[Round "8"]
[White "Mora Munoz, Alejandro"]
[Black "Dreelinck, Jacob"]
[Result "0-1"]
[WhiteTitle "FM"]
[BlackTitle "FM"]
[WhiteElo "2147"]
[BlackElo "2262"]
[WhiteFideId "4469844"]
[BlackFideId "250511"]
[EventDate "2025.06.03"]

1. e4 c5 2. Nf3 e6 3. d4 cxd4 4. Nxd4 Nc6 5. Nc3 Qc7 6. Be3 a6 7. g4 b5 8. Nxc6
Qxc6 9. Rg1 Qc7 10. Qd2 Bb7 11. f3 Rc8 12. a3 Bc5 13. Rd1 Bxe3 14. Qxe3 Ne7 15.
Qd4 O-O 16. Qxd7 Qxh2 17. Qxb7 Qxg1 18. Qxe7 Qg3+ 19. Ke2 f5 20. Qxe6+ Kh8 21.
gxf5 Rce8 22. Qd6 Qh4 23. Rd5 Rd8 24. Qe5 Rde8 25. Qc7 Rc8 26. Qe5 Rce8 27. Qd4
Qh2+ 28. Qf2 Qh6 29. Qe3 Qh2+ 30. Kd1 Rc8 31. Rd7 Qh1 32. Ke1 Rcd8 33. Qd4 Rxd7
34. Qxd7 Qh4+ 35. Kd2 Qh1 36. Be2 Qh4 37. Qd6 Rd8 38. e5 Rxd6+ 39. exd6 Qd8 40.
Ne4 Kg8 41. c4 Kf7 42. cxb5 axb5 43. Bxb5 Qa5+ 44. Nc3 Qb6 45. Bc4+ Ke8 46. Ne4
Qd4+ 47. Bd3 Qxb2+ 48. Ke3 Qxa3 49. Kd4 Qb2+ 50. Kd5 h5 51. Ke6 Qa2+ 52. Ke5 h4
53. Bb5+ Kd8 54. Nc5 Qb2+ 55. Kd5 Qxb5 56. Kd4 Qxc5+ 57. Kxc5 h3 0-1

[Event "Titled Tue 3rd Jun Early"]
[Site "chess.com INT"]
[Date "2025.06.03"]
[Round "8"]
[White "Tica, Sven"]
[Black "Tomb, Maroun"]
[Result "1-0"]
[WhiteTitle "IM"]
[BlackTitle "CM"]
[WhiteElo "2429"]
[BlackElo "2090"]
[WhiteFideId "14526948"]
[BlackFideId "5300398"]
[EventDate "2025.06.03"]

1. e4 d6 2. d4 Nf6 3. Nc3 e5 4. dxe5 dxe5 5. Qxd8+ Kxd8 6. Bc4 Be6 7. Bxe6 fxe6
8. f3 Bd6 9. Be3 Ke7 10. Nh3 a6 11. Nf2 b5 12. Nd3 Nbd7 13. Ke2 c5 14. b3 Rhc8
15. Bd2 c4 16. Nf2 Ba3 17. Rab1 Ne8 18. Nfd1 Nd6 19. Ne3 Nb6 20. Rhd1 h6 21. h4
Rc6 22. h5 Rac8 23. b4 Ra8 24. Ng4 Nd7 25. Be1 Ke8 26. Bg3 Nf7 27. Rd2 a5 28.
Nxb5 Bxb4 29. c3 Bc5 30. Rbd1 Rd8 31. Nxe5 Ndxe5 32. Rxd8+ Nxd8 33. Bxe5 Bf8 34.
Bc7 Nb7 35. a4 Nc5 36. Rd8+ Kf7 37. Bxa5 Nxa4 38. Nd4 Ra6 39. Bb4 Bxb4 40. cxb4
Rb6 41. b5 Nc3+ 42. Ke3 Nxb5 43. Nxb5 Rxb5 44. Rd7+ Kf6 45. g4 Rb3+ 46. Kf4 e5+
47. Kg3 Rb2 48. Rc7 Rc2 49. Rc6+ Kf7 50. g5 hxg5 51. Kg4 c3 52. Kxg5 Rg2+ 53.
Kf5 c2 54. Kxe5 Rh2 55. Rc7+ Kg8 56. Ke6 Kh7 57. f4 Kh6 58. f5 Kxh5 59. e5 Kh6
60. Kf7 Rf2 61. Rc6+ Kh7 62. f6 gxf6 63. e6 1-0

[Event "Titled Tue 3rd Jun Early"]
[Site "chess.com INT"]
[Date "2025.06.03"]
[Round "8"]
[White "Saydaliev, Saidakbar"]
[Black "Rubes, Jan"]
[Result "1-0"]
[WhiteTitle "IM"]
[BlackTitle "IM"]
[WhiteElo "2460"]
[BlackElo "2426"]
[WhiteFideId "14203693"]
[BlackFideId "338176"]
[EventDate "2025.06.03"]

1. Nf3 Nf6 2. c4 e6 3. g3 d5 4. Bg2 Be7 5. O-O O-O 6. d3 c5 7. Ne5 b6 8. e4 dxe4
9. dxe4 Bb7 10. Qe2 Nfd7 11. Nxd7 Qxd7 12. Rd1 Qc8 13. Nc3 Nc6 14. Be3 Rd8 15.
Rxd8+ Qxd8 16. Rd1 Qf8 17. e5 Qc8 18. f4 Nd4 19. Qf2 Nf5 20. Ne4 Qc7 21. g4 Nxe3
22. Qxe3 Rd8 23. Rd3 h6 24. Qd2 Kf8 25. Rxd8+ Qxd8 26. Qxd8+ Bxd8 27. Nd6 Bxg2
28. Kxg2 Bc7 29. Nb5 Bb8 30. Kf3 g5 31. fxg5 hxg5 32. Ke4 Ke7 33. h3 a6 34. Nc3
Kd7 35. b3 Bc7 36. Nb1 Kc6 37. Nd2 b5 38. Nf3 Bd8 39. Kd3 Kb6 40. Nd2 Ka5 41.
Kc3 Bc7 42. Nf3 Bd8 43. a3 b4+ 44. axb4+ cxb4+ 45. Kd4 Kb6 46. Ne1 a5 47. Nd3
Kc6 48. Ke4 Bb6 49. Nb2 Bf2 50. Nd3 Bg1 51. Nc1 Bb6 52. Ne2 Bc7 53. Nd4+ Kc5 54.
Nf3 a4 55. bxa4 b3 56. Kd3 Kb4 57. c5 Ka3 58. Nd2 Kxa4 59. c6 Bxe5 60. Kc4 1-0

[Event "Titled Tue 3rd Jun Early"]
[Site "chess.com INT"]
[Date "2025.06.03"]
[Round "8"]
[White "Asish Panda"]
[Black "Abraham, John Z"]
[Result "0-1"]
[WhiteElo "1911"]
[BlackElo "2100"]
[WhiteFideId "45012458"]
[BlackFideId "30987318"]
[EventDate "2025.06.03"]

1. e4 c5 2. Nf3 e6 3. g3 Nc6 4. Bg2 e5 5. O-O Nf6 6. Re1 d6 7. c3 Be7 8. d4 O-O
9. d5 Nb8 10. c4 a6 11. Nc3 Nbd7 12. a3 Rb8 13. Bf1 Re8 14. b4 b6 15. h3 Qc7 16.
Nh2 cxb4 17. axb4 b5 18. Qb3 bxc4 19. Bxc4 Nc5 20. Qa2 Rxb4 21. Ba3 Rb8 22. g4
h5 23. g5 Nfd7 24. h4 Nb6 25. Be2 g6 26. Rac1 Qd7 27. Bxc5 dxc5 28. Bf1 c4 29.
Nd1 f6 30. Qd2 fxg5 31. hxg5 Qd8 32. Ne3 Bxg5 33. Bxc4 Nxc4 34. Rxc4 Bf4 35. Qe2
Qg5+ 36. Kh1 Qh4 37. Nf1 Bg4 38. f3 Bxf3+ 39. Qxf3 Qxe1 40. Qg2 g5 41. Qh3 Qe2
42. Qxh5 Qxh5 43. Rc6 Bxh2 44. Nxh2 Rb1+ 45. Kg2 Rb2+ 46. Kg3 Qxh2+ 47. Kg4 Qf4+
48. Kh5 Rh2+ 49. Kg6 Qf7+ 50. Kxg5 Rh5+ 51. Kg4 Qf4+ 52. Kxh5 Qf3+ 53. Kh6 Qh3+
54. Kg6 Qg4+ 55. Kf6 Qxe4 56. Rd6 Qf4+ 57. Kg6 e4 58. Rf6 Qxf6+ 59. Kxf6 Rd8 60.
d6 Rxd6+ 0-1

[Event "Titled Tue 3rd Jun Early"]
[Site "chess.com INT"]
[Date "2025.06.03"]
[Round "8"]
[White "Mahdavi, Reza"]
[Black "Lazavik, Denis"]
[Result "1/2-1/2"]
[WhiteTitle "IM"]
[BlackTitle "GM"]
[WhiteElo "2445"]
[BlackElo "2577"]
[WhiteFideId "12595926"]
[BlackFideId "13515110"]
[EventDate "2025.06.03"]

1. e4 c5 2. Nf3 Nc6 3. Bb5 e6 4. c3 d5 5. d3 Bd7 6. Qe2 Nge7 7. O-O a6 8. Ba4 b5
9. Bc2 d4 10. e5 Ng6 11. Re1 Be7 12. Nbd2 O-O 13. Nf1 Qc7 14. Ng3 Rfd8 15. Qe4
dxc3 16. bxc3 b4 17. h4 bxc3 18. h5 Nf8 19. h6 g6 20. a3 Be8 21. Qf4 Nd4 22.
Nxd4 cxd4 23. Ne4 Nd7 24. Nd6 Qc5 25. Nb7 Qa7 26. Nxd8 Rxd8 27. a4 Nb6 28. Ba3
Nd5 29. Qf3 Bg5 30. Qg4 Bd2 31. Re4 Rb8 32. Qh4 Nb4 33. Bxb4 Rxb4 34. Rd1 Rb2
35. Rxd4 Bg5 36. Rd8 Bxd8 37. Qxd8 Kf8 38. Rc1 Qb6 39. Qxb6 Rxb6 40. Bd1 Rc6 41.
Kf1 Ke7 42. Ke2 f6 43. d4 fxe5 44. dxe5 Rc5 45. f4 g5 46. g3 gxf4 47. gxf4 Rc4
48. Ke3 Bg6 49. Bb3 Re4+ 50. Kf3 Rb4 51. Rxc3 Kd7 52. Ke3 Bf5 53. Bd1 Re4+ 54.
Kf3 Rb4 55. Be2 Rxa4 56. Rb3 Kc7 57. Rc3+ Kd7 58. Rb3 Kc7 59. Rc3+ Kd7 1/2-1/2

[Event "Titled Tue 3rd Jun Early"]
[Site "chess.com INT"]
[Date "2025.06.03"]
[Round "8"]
[White "Madaminov, Mukhiddin"]
[Black "Norowitz, Yaacov"]
[Result "1-0"]
[WhiteTitle "GM"]
[BlackTitle "IM"]
[WhiteElo "2520"]
[BlackElo "2400"]
[WhiteFideId "14210703"]
[BlackFideId "2024799"]
[EventDate "2025.06.03"]

1. e4 c6 2. Nf3 d5 3. d3 g6 4. Nbd2 Bg7 5. g3 Nf6 6. Bg2 O-O 7. O-O Bg4 8. e5
Nfd7 9. d4 c5 10. c3 e6 11. h3 Bf5 12. Ne1 g5 13. Ndf3 h6 14. h4 g4 15. Nh2 h5
16. f3 cxd4 17. cxd4 gxf3 18. Bxf3 Nc6 19. Be3 Qb6 20. Qd2 Bg6 21. Ng2 Qb4 22.
Qf2 Ndxe5 23. dxe5 Nxe5 24. Nf4 Rac8 25. Rad1 Rc2 26. Rd2 d4 27. Rxc2 dxe3 28.
Qg2 Bxc2 29. Qxc2 Qd2 30. Qxd2 exd2 31. Bxh5 Rc8 32. Nf3 Nc4 33. Ng5 Bd4+ 34.
Kh2 Ne3 35. Bxf7+ Kh8 36. Ng6+ Kg7 37. Nxe6+ Kh6 38. Rg1 Ng4+ 39. Kh3 Bxg1 40.
Ne7 Nf2+ 41. Kg2 d1=Q 42. Nf5+ Kh7 43. Ng5+ Kh8 44. Bg6 Qd5+ 45. Kxg1 Rc1+ 46.
Kxf2 Rc2+ 47. Ke3 Qc5+ 48. Kf4 Rf2+ 49. Kg4 Rxf5 50. Bxf5 Qb4+ 51. Kh5 Qxb2 52.
g4 Qg7 53. Bg6 Qe5 54. Kh6 Kg8 55. Bh7+ Kf8 56. Bf5 1-0

[Event "Titled Tue 3rd Jun Early"]
[Site "chess.com INT"]
[Date "2025.06.03"]
[Round "8"]
[White "Iskusnyh, Sergei"]
[Black "Fiskaaen, Martin Holten"]
[Result "1-0"]
[WhiteTitle "GM"]
[BlackTitle "FM"]
[WhiteElo "2440"]
[BlackElo "2292"]
[WhiteFideId "4120027"]
[BlackFideId "1550233"]
[EventDate "2025.06.03"]

1. d4 Nf6 2. c4 e6 3. g3 d5 4. Bg2 Be7 5. Nf3 Ne4 6. Nc3 f5 7. Qc2 c6 8. Bf4 Nd7
9. Ne5 O-O 10. O-O Nd6 11. b3 Nxe5 12. Bxe5 Nf7 13. Bf4 g5 14. Bc1 Bf6 15. e3
Bd7 16. Ba3 Re8 17. Rab1 a5 18. Ne2 b5 19. Bc5 Qc8 20. Nc1 Qa6 21. Nd3 Rec8 22.
Rfc1 h6 23. Bf1 Be8 24. Qd1 Qb7 25. Bg2 Qd7 26. Rc2 Nd6 27. Bxd6 Qxd6 28. cxb5
cxb5 29. Rbc1 Qd8 30. Nc5 Rc6 31. Nb7 Qb6 32. Rxc6 Bxc6 33. Nc5 Be8 34. Nd3 Be7
35. Qc2 Bd6 36. Nc5 Kf7 37. Nd3 Ke7 38. Qd1 Rb8 39. Bf3 a4 40. b4 Qb7 41. Rc5
Bxc5 42. dxc5 Qc7 43. Qa1 Kd8 44. Qf6+ Qe7 45. Qxh6 e5 46. Bxd5 e4 47. Ne1 Kc7
48. Nc2 Qe5 49. Qh7+ Kc8 50. Qg8 Kc7 51. Nd4 Rd8 52. Ne6+ Kc8 53. Nxd8 Kxd8 54.
Bc6 a3 55. Qxe8+ Qxe8 56. Bxe8 Kxe8 57. Kg2 1-0

[Event "Titled Tue 3rd Jun Early"]
[Site "chess.com INT"]
[Date "2025.06.03"]
[Round "8"]
[White "Jake Shanty"]
[Black "Deac, Bogdan-Daniel"]
[Result "0-1"]
[WhiteTitle "FM"]
[BlackTitle "GM"]
[WhiteElo "2252"]
[BlackElo "2668"]
[WhiteFideId "33478066"]
[BlackFideId "1226380"]
[EventDate "2025.06.03"]

1. Nf3 c5 2. e3 Nf6 3. b3 g6 4. Bb2 Bg7 5. c4 O-O 6. Be2 b6 7. O-O Bb7 8. d4
cxd4 9. Nxd4 d6 10. Nd2 Nbd7 11. Bf3 Qc8 12. Bxb7 Qxb7 13. Qf3 Qxf3 14. N2xf3
Rfc8 15. Rfd1 a6 16. Rac1 Nc5 17. Nc2 Nfe4 18. Bxg7 Kxg7 19. Nb4 Nf6 20. Nd4
Ncd7 21. h3 Kf8 22. Kf1 Rc5 23. Nd3 Rc7 24. Nb4 h5 25. Ke2 e6 26. Nf3 Ke7 27.
Nd4 Nc5 28. f3 h4 29. Rd2 Rac8 30. Rcd1 a5 31. Nd3 Nxd3 32. Rxd3 d5 33. cxd5
Nxd5 34. Nb5 Rc5 35. a4 Rxb5 36. axb5 Nc3+ 37. Kd2 Nxd1 38. Kxd1 Rc5 39. Rd4
Rxb5 40. Kc2 Rg5 41. Rd2 Rd5 42. Re2 b5 43. Kc3 Kd6 44. Re1 Kc5 45. Ra1 b4+ 46.
Kc2 Kb5 47. Re1 Rc5+ 48. Kb2 Rc3 49. e4 Rd3 50. Re2 a4 51. bxa4+ Kxa4 52. Rc2
Rd7 53. Re2 b3 54. Rf2 Kb4 55. Re2 Ra7 56. Kb1 Ra2 57. Re3 Rxg2 0-1

[Event "Titled Tue 3rd Jun Early"]
[Site "chess.com INT"]
[Date "2025.06.03"]
[Round "8"]
[White "Piddubna, Bozhena"]
[Black "Rubio, Lloyd"]
[Result "1/2-1/2"]
[WhiteTitle "WFM"]
[WhiteElo "2174"]
[BlackElo "2167"]
[WhiteFideId "34109293"]
[BlackFideId "5210453"]
[EventDate "2025.06.03"]

1. d4 Nf6 2. c4 g6 3. Nf3 Bg7 4. g3 O-O 5. Nc3 d6 6. Bg2 Nc6 7. O-O a6 8. b3 Rb8
9. Bb2 b5 10. cxb5 axb5 11. Rc1 b4 12. Na4 Bd7 13. Re1 Na5 14. d5 Bxa4 15. bxa4
Nd7 16. Bxg7 Kxg7 17. Qd4+ Kg8 18. Qa7 Ra8 19. Qxc7 Nc5 20. Qxd8 Rfxd8 21. Nd4
Kf8 22. Rb1 Rdb8 23. Nc2 b3 24. axb3 Naxb3 25. Ne3 Rxa4 26. h4 h5 27. Nd1 Rc4
28. Ne3 Rc3 29. Rb2 Ra8 30. Reb1 Rc1+ 31. Rxc1 Nxc1 32. Bf3 Ra1 33. Kg2 N1b3 34.
Nc4 Rc1 35. Nd2 Nd4 36. e3 Nxf3 37. Nxf3 Rd1 38. Nd4 e5 39. dxe6 fxe6 40. Ra2 e5
41. Nf3 Ne4 42. Ra4 Nf6 43. Ra8+ Ke7 44. Ra7+ Ke8 45. Ng5 Ng4 46. Ra2 d5 47. Nf3
d4 48. exd4 exd4 49. Rd2 Rxd2 50. Nxd2 Ke7 51. Kf3 Kd6 52. Ke4 Kc5 53. Nb3+ Kc4
54. Nxd4 Nxf2+ 55. Ke5 Nh1 56. Nf3 Nxg3 57. Kf6 Nf5 58. Kxg6 Nxh4+ 59. Nxh4 Kd4
60. Kxh5 1/2-1/2

[Event "Titled Tue 3rd Jun Early"]
[Site "chess.com INT"]
[Date "2025.06.03"]
[Round "8"]
[White "Moskalenko, Alexander"]
[Black "Sjugirov, Sanan"]
[Result "1-0"]
[WhiteTitle "GM"]
[BlackTitle "GM"]
[WhiteElo "2422"]
[BlackElo "2638"]
[WhiteFideId "4155351"]
[BlackFideId "4189302"]
[EventDate "2025.06.03"]

1. Nf3 d5 2. d4 Nf6 3. Bf4 c5 4. e3 Nc6 5. Nbd2 e6 6. c3 Nh5 7. Bg5 Qb6 8. Rb1
h6 9. Bh4 g5 10. Ne5 Nxe5 11. Qxh5 gxh4 12. Qxe5 Rg8 13. g3 Bd7 14. Be2 Bb5 15.
Qh5 Ba4 16. Bd1 Bxd1 17. Qxd1 Qa6 18. a3 O-O-O 19. Qe2 Qc6 20. Nf3 hxg3 21. hxg3
Bg7 22. Kf1 Kb8 23. Rd1 Rc8 24. dxc5 Qxc5 25. Rh5 Qb6 26. Kg2 a6 27. Rh4 Ka7 28.
Rb4 Qc5 29. a4 Rc7 30. Rh4 Rgc8 31. Nd4 Qb6 32. Nf3 Rc4 33. Rdh1 Qa5 34. Qc2 Bf8
35. Nd2 Rxh4 36. Rxh4 Qb6 37. Qb3 Qc6 38. Nf3 Bg7 39. Rg4 Bh8 40. Rh4 Bg7 41. a5
Rc7 42. Rb4 Qc5 43. Qa4 e5 44. Rg4 Bf6 45. Rg8 Rc8 46. Re8 Qc7 47. Rxc8 Qxc8 48.
Qb4 Qc6 49. Qf8 Qe6 50. Qxh6 Qf5 51. Qf8 Qe6 52. Ng1 Be7 53. Qe8 Qd6 54. Nf3 f5
55. Qc8 f4 56. exf4 exf4 57. g4 Qg6 58. Qf5 Qg8 59. Qxf4 Bc5 60. Qf5 Qd8 61. g5
Qxa5 62. b4 Bxb4 63. cxb4 Qxb4 64. g6 a5 65. g7 1-0

[Event "Titled Tue 3rd Jun Early"]
[Site "chess.com INT"]
[Date "2025.06.03"]
[Round "8"]
[White "Uzuner, Tufan Can"]
[Black "Ser, Daniel"]
[Result "1-0"]
[WhiteTitle "CM"]
[BlackTitle "CM"]
[WhiteElo "1886"]
[BlackElo "2005"]
[WhiteFideId "6300499"]
[BlackFideId "12829404"]
[EventDate "2025.06.03"]

1. d4 Nf6 2. Nf3 d6 3. c4 Nbd7 4. Nc3 e5 5. g3 Be7 6. Bg2 O-O 7. O-O h6 8. e4 c6
9. h3 Qc7 10. Be3 Re8 11. Re1 a6 12. Qc2 Nf8 13. Rad1 Ng6 14. Kh2 Bd7 15. b4
Rac8 16. dxe5 Nxe5 17. Nxe5 dxe5 18. c5 Be6 19. f4 Rcd8 20. f5 Bc8 21. g4 Nh7
22. Na4 Bh4 23. Rf1 Ng5 24. Nb6 Qe7 25. Nc4 g6 26. Nd6 Rf8 27. f6 Qe6 28. Qb3
Kh7 29. Qxe6 Nxe6 30. Rd2 Bg5 31. Bxg5 hxg5 32. Rfd1 Nd4 33. Rxd4 exd4 34. Rxd4
Be6 35. a3 b5 36. cxb6 Rb8 37. b7 a5 38. e5 axb4 39. axb4 Rfd8 40. Bxc6 Kh6 41.
b5 Kh7 42. Kg3 Kh6 43. Kf3 Kh7 44. Kg3 Kh6 45. h4 gxh4+ 46. Kxh4 g5+ 47. Kg3 Kg6
48. Kf3 Rh8 49. Rd2 Rh3+ 50. Ke4 Bxg4 51. Ra2 Be6 52. Ra8 Rh4+ 53. Ke3 Rh3+ 54.
Kf2 Rh2+ 55. Kg3 Rh3+ 56. Kg2 Rhh8 57. Ra7 g4 58. Kg3 Kg5 59. Ne4+ Kf5 60. Nc5
Rh3+ 61. Kg2 Rbh8 62. Ra8 Rh2+ 63. Kg1 1-0

[Event "Titled Tue 3rd Jun Early"]
[Site "chess.com INT"]
[Date "2025.06.03"]
[Round "8"]
[White "Darmanin, Jake"]
[Black "Petrus, Adrian"]
[Result "0-1"]
[WhiteTitle "CM"]
[BlackTitle "CM"]
[WhiteElo "2065"]
[BlackElo "2203"]
[WhiteFideId "5601061"]
[BlackFideId "14573652"]
[EventDate "2025.06.03"]

1. e4 e5 2. Nf3 Nc6 3. d4 exd4 4. Nxd4 Qh4 5. Nc3 Bb4 6. Nf3 Qxe4+ 7. Be2 Bxc3+
8. bxc3 Nf6 9. O-O O-O 10. Re1 d6 11. h3 Qd5 12. Bd3 Bf5 13. c4 Qc5 14. Be3 Qa5
15. Bd2 Qc5 16. Rb1 Be6 17. Rb5 Qa3 18. Qb1 Nd8 19. Nd4 d5 20. c5 Qa4 21. c3 c6
22. Rb4 Qa5 23. Bf4 Qxc5 24. Be5 Nd7 25. Bxh7+ Kh8 26. Bg3 a5 27. Rb2 Nf6 28.
Bd3 b5 29. Rc2 a4 30. Qd1 Kg8 31. Be5 Qe7 32. Nf5 Bxf5 33. Bxf5 Ne6 34. Rce2
Rfe8 35. g4 g6 36. Bd3 Nd7 37. Bg3 Qf6 38. Qd2 Qg7 39. h4 Kf8 40. h5 Kg8 41.
hxg6 Nf6 42. gxf7+ Qxf7 43. Bf5 Ng7 44. Qg5 Ne4 45. Bxe4 dxe4 46. Rxe4 Rxe4 47.
Rxe4 Re8 48. Be5 Re6 49. Bxg7 Rxe4 50. Bf6+ Kf8 51. Qh6+ Ke8 52. Qh8+ Kd7 53.
Qd8+ Ke6 54. Bh4 Qd7 55. Qg8+ Kd6 56. Bg3+ Kc5 57. Qf8+ Kc4 58. Qg8+ Kd3 59. Qg6
Qe6 60. Qh7 Kd2 61. Kg2 Re2 0-1

[Event "Titled Tue 3rd Jun Early"]
[Site "chess.com INT"]
[Date "2025.06.03"]
[Round "8"]
[White "Klekowski, Maciej"]
[Black "Aradhya, Garg"]
[Result "1-0"]
[WhiteTitle "GM"]
[BlackTitle "IM"]
[WhiteElo "2474"]
[BlackElo "2383"]
[WhiteFideId "1132717"]
[BlackFideId "25006746"]
[EventDate "2025.06.03"]

1. e4 e5 2. Nf3 Nc6 3. Bb5 a6 4. Ba4 Nf6 5. O-O Be7 6. Re1 b5 7. Bb3 O-O 8. a4
b4 9. a5 d6 10. h3 Rb8 11. d4 Rb5 12. Ba4 Rxa5 13. d5 Na7 14. Nfd2 Bd7 15. b3
Bxa4 16. bxa4 Rc5 17. Nb3 Qd7 18. Nxc5 dxc5 19. Nd2 c6 20. Nc4 cxd5 21. Nxe5 Qb7
22. exd5 Qxd5 23. Bb2 Qb7 24. Nc4 Nc6 25. Qf3 Qc7 26. Rad1 Nd4 27. Bxd4 cxd4 28.
Rxd4 Bc5 29. Rf4 Qd7 30. Rd1 Qe6 31. Ne3 Re8 32. Nd5 Nxd5 33. Qxd5 Qxd5 34. Rxd5
Bf8 35. g3 Rc8 36. Rd2 Rc3 37. Rf5 g6 38. Ra5 Rc6 39. Kg2 Kg7 40. h4 b3 41. cxb3
Bb4 42. Rdd5 h5 43. Kf1 Re6 44. Rac5 Re1+ 45. Kg2 Bxc5 46. Rxc5 Rb1 47. Rc3 Kf6
48. Kf3 a5 49. Ke4 Ke6 50. Kd4 Kd6 51. Rf3 f5 52. Rc3 Rd1+ 53. Ke3 Rb1 54. Kf4
Rb2 55. Kg5 Rxf2 56. Kxg6 f4 57. gxf4 Rxf4 58. Kxh5 Ke6 59. Kg5 Rf5+ 60. Kg6 Rf4
61. Re3+ Kd5 62. h5 Kd4 63. Rg3 Rh4 64. h6 Kc5 65. Kg7 Kb4 66. h7 Ka3 67. h8=Q
Rxh8 68. Kxh8 Kb4 69. Kg7 1-0

[Event "Titled Tue 3rd Jun Early"]
[Site "chess.com INT"]
[Date "2025.06.03"]
[Round "8"]
[White "Souleidis, Georgios"]
[Black "Suarez, Pedro"]
[Result "1-0"]
[WhiteTitle "IM"]
[BlackTitle "CM"]
[WhiteElo "2418"]
[BlackElo "2066"]
[WhiteFideId "4206827"]
[BlackFideId "3007642"]
[EventDate "2025.06.03"]

1. d4 Nf6 2. Nf3 g6 3. Bg5 Bg7 4. Nbd2 d6 5. e4 Nbd7 6. Bd3 h6 7. Bh4 c5 8. c3
O-O 9. O-O cxd4 10. cxd4 e5 11. dxe5 dxe5 12. Qe2 b6 13. Rfd1 Bb7 14. Nc4 Qe7
15. Bc2 Ba6 16. Bb3 Nc5 17. Bxf6 Bxf6 18. Qe3 Bg7 19. Na3 Nxb3 20. Qxb3 Rfd8 21.
Nc4 Rac8 22. Ne3 Bb7 23. Nd5 Qc5 24. Nc3 Bf6 25. h3 g5 26. Rxd8+ Rxd8 27. Rd1
Rxd1+ 28. Qxd1 h5 29. Qd7 Bc6 30. Qf5 Qe7 31. g4 Bd7 32. Nd5 Bxf5 33. Nxe7+ Bxe7
34. gxf5 f6 35. Ne1 Bc5 36. Kf1 Kf7 37. Ke2 Bd4 38. b3 Ke7 39. f3 Kd6 40. Nd3 a5
41. Kd2 b5 42. Kc2 Kc6 43. a4 bxa4 44. bxa4 Kd6 45. Kb3 Kc6 46. Kc4 Be3 47. Nb2
Bd4 48. Nd3 Be3 49. Ne1 Bd2 50. Nc2 Bf4 51. Na3 Bc1 52. Nb5 Bd2 53. Na7+ Kb7 54.
Nb5 Kc6 55. Na3 Bb4 56. Nc2 Bd2 57. Na1 Bb4 58. Nb3 Bd2 59. Nc5 Bb4 60. Ne6 Be7
61. Ng7 h4 62. Ne6 Bb4 63. Nd8+ Kd7 64. Ne6 Bd2 65. Ng7 Kc6 66. Nh5 Be1 67. Nxf6
Bb4 68. Ng4 Bf8 69. Nxe5+ 1-0

[Event "Titled Tue 3rd Jun Early"]
[Site "chess.com INT"]
[Date "2025.06.03"]
[Round "8"]
[White "Jasinski, Alexander"]
[Black "Negrean, Andrei"]
[Result "0-1"]
[BlackTitle "FM"]
[WhiteElo "1964"]
[BlackElo "2336"]
[WhiteFideId "55627994"]
[BlackFideId "1291513"]
[EventDate "2025.06.03"]

1. e4 c5 2. Nf3 a6 3. g3 b5 4. Bg2 Bb7 5. d3 e6 6. O-O d6 7. Nc3 Nf6 8. Bg5 Be7
9. Re1 O-O 10. a3 h6 11. Be3 Nbd7 12. h3 Qc7 13. Nh2 Rfe8 14. d4 cxd4 15. Bxd4
Rac8 16. Qd2 Ne5 17. Rad1 Nc4 18. Qc1 e5 19. Be3 Nxa3 20. Ng4 Nxg4 21. hxg4 Nxc2
22. Qxc2 b4 23. Bd2 bxc3 24. Bxc3 Bf8 25. Qd3 Qc4 26. Qxc4 Rxc4 27. f3 Rec8 28.
Bf1 R4c7 29. Ra1 Rc6 30. Red1 f6 31. Ra5 Kf7 32. Rda1 Ra8 33. Kg2 Be7 34. Bd3
Bd8 35. R5a4 Be7 36. Bc4+ Ke8 37. Bd5 Rb6 38. Bxb7 Rxb7 39. Rxa6 Rxa6 40. Rxa6
Kd7 41. Kf2 Bd8 42. Ke2 Bb6 43. Ra1 Bc5 44. Rd1 Ke6 45. Ra1 g6 46. Rh1 Rh7 47.
b4 Bb6 48. Kd3 d5 49. exd5+ Kxd5 50. Bd2 h5 51. gxh5 gxh5 52. Be1 f5 53. g4 e4+
54. fxe4+ fxe4+ 55. Ke2 h4 56. Rxh4 Rxh4 57. Bxh4 Kc4 58. Be1 Bd4 59. g5 Kb5 60.
g6 Kc4 61. Bf2 Bg7 62. Bc5 Bh6 63. Bd6 Kd5 64. Bc5 Kc4 65. Be7 Kb5 66. Kd1 Kc4
67. Kc2 Kb5 68. Kc3 Bg7+ 69. Kd2 Bh6+ 70. Ke2 Kc4 71. Bd6 Kb5 0-1